000 01527nam a2200481 i 4500
001 4363
003 KOSZ 005
005 20190724142917.0
008 070620s1969 pl a f f |000 0 pol
015 _aPB 1969/2313
035 _a991037905699705066
035 _a(PL-WaBN)b2015771x-48omnis_nlop
035 _ab2015771x
035 _a(OCoLC)823781257
035 _a(PL)b0000002015771
035 _a(EXLNZ-48OMNIS_NETWORK)9910137934905606
040 _aWA N
_cWA N
_dKOSZ 005/EG
041 _apol
046 _k1968
080 _a637.5
080 _a620.1
080 _a(075)
100 1 _aKłossowski, Tadeusz.
_eAutor
245 1 0 _aSurowce i materiały pomocnicze dla przetwórstwa mięsa /
_cTadeusz Kłossowski.
250 _aWyd. 2.
260 _aWarszawa :
_bPaństwowe Wydawnictwo Szkolnictwa Zawodowego,
_c1969.
300 _a292, [1] s. :
_bil. ;
_c23 cm.
336 _2rdacontent
_aTekst
_btxt
337 _2rdamedia
_aBez urządzenia pośredniczącego
_bn
338 _2rdacarrier
_aWolumin
_bnc
380 _aKsiążki
380 _aPubilacje dydaktyczne
385 _mPoziom nauczania
_aSzkoły zawodowe
388 _a1901-2000
388 _a1945-1989
650 7 _aPrzemysł mięsny
_2DBN
650 7 _aMięso
655 7 _aPodręczniki dla szkół zawodowych
_2DBN
658 _aRolnictwo i leśnictwo
856 _uhttp://koha.tu.koszalin.pl/cgi-bin/koha/opac-detail.pl?biblionumber=4363
_yKatalog online BPK
942 _2UKD
_cKS
999 _c4363
_d4363